000
00150 a2200085 4500
041
_a
spa
100
_a
Vulliamy, Clara
245
_a
Babybug
942
_c
BK
999
_c
10532
_d
10532